000 00430nam a2200157Ia 4500
008 180921t2015 xxu||||| |||| 00| 0 eng d
041 _aeng
080 _ax32
_bLOC
100 _aJayadewa Uyangoda
_eed.
245 _aLocal Government And Local Democracy In Sri Lanka
260 _bSocial Scientists' Association
_aColombo
_c2015
300 _b360p, 23cm
942 _cBK
999 _c3329
_d3329
003 LK-CoDNM
040 _aLK-CoDNM
_dLK-CoDNM
_eLK-CoDNM